| 000 | 01124nam a22002657a 4500 | ||
|---|---|---|---|
| 005 | 20240530110431.0 | ||
| 008 | 150331s2010 ua adkof 000 0 ara d | ||
| 017 |
_a2010/7625 _bمصر . دار الكتب المصرية |
||
| 020 | _a9789774555620 | ||
| 040 | _aEG-CaGPL | ||
| 082 | 0 | 4 |
_221 _a604.2\ _bس د |
| 100 | 1 | _aسيمونز ، كولين | |
| 245 | 1 | 2 |
_aالدليل العلمى للرسم الهندسى/ _cتاليف كولين سيمونز ، دنييس ماجوير ؛ ترجمة قسم الترجمة بدار الفاروق |
| 250 | _aط1 | ||
| 260 |
_aالقاهرة : _bدار الفاروق للاستثمارات الثقافية ، _c2010. |
||
| 300 |
_a496 ص : _bايض ؛ _c32 سم. |
||
| 650 | 0 | 4 | _aالرسم الهندسى |
| 650 | 0 | 4 | _aالرسم الميكانيكى |
| 650 | 0 | 4 | _aالرسم المتطور |
| 650 | 0 | 4 | _aالهندسة الوصفية |
| 700 | 1 |
_aماجوير ، دنييس _eمؤلف مشارك _qدنييس ماجوير |
|
| 710 | 2 |
_aقسم الترجمة بدار الفاروق _eمترجم |
|
| 942 |
_2ddc _cBK |
||
| 999 |
_c60846 _d60846 |
||